[Event "Budapest FS08 GM"]
[Site "Budapest"]
[Date "2024.08.10"]
[Round "9"]
[White "Bat, Bilguun"]
[Black "Berczes, David"]
[Result "0-1"]
[WhiteElo "2288"]
[BlackElo "2399"]
[PlyCount "90"]
[EventDate "2024.08.03"]
[EventType "tourn"]
[EventRounds "9"]
[EventCountry "HUN"]
[EventCategory "6"]
[SourceTitle "CBM 221 Extra"]
[Source "ChessBase"]
[SourceDate "2024.09.30"]
[SourceVersion "1"]
[SourceVersionDate "2024.09.30"]
[SourceQuality "1"]

1. d4 Nf6 2. Nf3 e6 3. e3 b6 4. Bd3 Bb7 5. 0-0 d5 6. c4 Bd6 7. Nc3 0-0 8. b3 Nbd7 9. Bb2 a6 10. Rc1 Qe7 11. Na4 dxc4 12. bxc4 c5 13. Ne5 Rfd8 14. Qc2 cxd4 15. exd4 Rac8 16. Qe2 Ba3 17. Nxd7 Nxd7 18. Bxh7+ Kf8 19. Bb1 Qb4 20. Bxa3 Qxa3 21. Nc3 Nf6 22. Qd3 b5 23. cxb5 axb5 24. Ne2 b4 25. Rxc8 Rxc8 26. Qxa3 bxa3 27. Rc1 Rb8 28. Bd3 Be4 29. Ba6 Rb6 30. Bc4 Bd5 31. Bxd5 Nxd5 32. Kf1 Rb2 33. Ra1 g5 34. h3 Kg7 35. Nc1 Nb4 36. Nb3 Nc2 37. Rc1 Rxa2 38. Na5 Nxd4 39. Rd1 Nb5 40. Nc4 Rc2 41. Nxa3 Nxa3 42. g3 Nc4 43. Rd4 Nd2+ 44. Kg2 f5 45. g4 Ne4 0-1

[Event "Budapest SixDays 07 GM-A"]
[Site "Budapest"]
[Date "2024.07.31"]
[Round "4"]
[White "Bat, Bilguun"]
[Black "Priasmoro, Novendra"]
[Result "1-0"]
[WhiteElo "2329"]
[BlackElo "2513"]
[PlyCount "79"]
[EventDate "2024.07.29"]
[EventType "tourn"]
[EventRounds "9"]
[EventCountry "HUN"]
[EventCategory "6"]
[SourceTitle "CBM 221 Extra"]
[Source "ChessBase"]
[SourceDate "2024.09.30"]
[SourceVersion "1"]
[SourceVersionDate "2024.09.30"]
[SourceQuality "1"]

1. d4 Nf6 2. Nf3 g6 3. c4 Bg7 4. e3 0-0 5. Be2 d6 6. Nc3 Nbd7 7. 0-0 e5 8. Qc2 Re8 9. Rd1 e4 10. Nd2 Qe7 11. b4 Nf8 12. a4 h5 13. a5 a6 14. b5 h4 15. h3 g5 16. Ba3 Bf5 17. bxa6 bxa6 18. Rdc1 Qd7 19. Qd1 Bh6 20. Rab1 N8h7 21. Rb3 Kh8 22. d5 Re5 23. c5 g4 24. hxg4 Nxg4 25. Ncxe4 Rxd5 26. Bb2+ Ne5 27. Qe1 Bxe4 28. Nxe4 f5 29. f4 fxe4 30. fxe5 dxe5 31. Qxh4 Qc6 32. Kh2 Qg6 33. Bc4 Bg5 34. Qh3 Rd2 35. Bxe5+ Bf6 36. Bxc7 Qg5 37. Rb7 Qg7 38. c6 Rb2 39. Bb6 Be5+ 40. Kh1 1-0

[Event "Budapest Lengyel Memorial GM 2nd"]
[Site "Budapest"]
[Date "2024.07.25"]
[Round "6"]
[White "Gedajlovic, Max"]
[Black "Bat, Bilguun"]
[Result "1-0"]
[WhiteElo "2386"]
[BlackElo "2329"]
[PlyCount "115"]
[EventDate "2024.07.22"]
[EventType "tourn"]
[EventRounds "9"]
[EventCountry "HUN"]
[SourceTitle "CBM 221 Extra"]
[Source "ChessBase"]
[SourceDate "2024.09.30"]
[SourceVersion "1"]
[SourceVersionDate "2024.09.30"]
[SourceQuality "1"]

1. e4 c5 2. Nf3 d6 3. d4 cxd4 4. Nxd4 Nf6 5. Nc3 a6 6. h3 e5 7. Nf3 Be7 8. g4 h6 9. Rg1 Nbd7 10. g5 hxg5 11. Nxg5 Qc7 12. Qf3 Rf8 13. a4 b6 14. Be3 Bb7 15. h4 0-0-0 16. Nd5 Nxd5 17. exd5 Kb8 18. c4 Bxg5 19. Rxg5 g6 20. a5 bxa5 21. Bd2 Qb6 22. Qa3 a4 23. b4 Rh8 24. Be3 Qc7 25. h5 Rxh5 26. Rxh5 gxh5 27. Qxa4 f5 28. f3 f4 29. Bf2 e4 30. fxe4 Re8 31. Bd3 Re7 32. Kd2 Rg7 33. Bd4 Rg2+ 34. Kc3 Rg3 35. Rf1 Nb6 36. Qe8+ Bc8 37. c5 Nd7 38. c6 Ne5 39. Bxe5 dxe5 40. Qf8 Qb6 41. Qd6+ Ka8 42. Qc5 Qd8 43. d6 Rg6 44. d7 Bxd7 45. cxd7 Qxd7 46. Qd5+ Qxd5 47. exd5 Rg3 48. Re1 Rg5 49. Kc4 Kb7 50. Be4 Kc7 51. Kc5 Rg3 52. d6+ Kd8 53. Rh1 Rg5 54. Kd5 Kd7 55. Rc1 h4 56. Rc7+ Kd8 57. Rh7 h3 58. Kc6 1-0

[Event "Budapest Lengyel Memorial GM 2nd"]
[Site "Budapest"]
[Date "2024.07.24"]
[Round "4"]
[White "Pap, Misa"]
[Black "Bat, Bilguun"]
[Result "1-0"]
[WhiteElo "2399"]
[BlackElo "2329"]
[PlyCount "89"]
[EventDate "2024.07.22"]
[EventType "tourn"]
[EventRounds "9"]
[EventCountry "HUN"]
[SourceTitle "CBM 221 Extra"]
[Source "ChessBase"]
[SourceDate "2024.09.30"]
[SourceVersion "1"]
[SourceVersionDate "2024.09.30"]
[SourceQuality "1"]

1. e4 c5 2. Nf3 d6 3. d4 cxd4 4. Nxd4 Nf6 5. Nc3 a6 6. Bg5 e6 7. f4 h6 8. Bh4 Be7 9. Bf2 Nbd7 10. Qe2 Qc7 11. Bg3 h5 12. e5 dxe5 13. fxe5 Ng4 14. 0-0-0 h4 15. Qxg4 hxg3 16. Nf3 Nxe5 17. Qxg3 Bf6 18. Ne4 Kf8 19. Nxf6 gxf6 20. Nxe5 fxe5 21. Bd3 Rg8 22. Qh4 Bd7 23. Rhf1 Bc6 24. Rf2 Qe7 25. Rxf7+ Qxf7 26. Rf1 Qxf1+ 27. Bxf1 Kf7 28. g4 Rg6 29. Qh7+ Kf6 30. Be2 Rag8 31. Qh4+ Kf7 32. Qh5 e4 33. h4 Ke7 34. Qc5+ Kd7 35. g5 R6g7 36. Qd4+ Ke7 37. Qf6+ Kd6 38. c4 Rg6 39. Qd4+ Ke7 40. Bh5 R6g7 41. Qf6+ Kd6 42. Bf7 Rxf7 43. Qxf7 Rd8 44. g6 e3 45. Qf4+ 1-0

[Event "FRA-ch U18"]
[Site "Agen"]
[Date "2024.04.19"]
[Round "7"]
[White "De Carvalho Massabo, Raphael"]
[Black "Bat, Bilguun"]
[Result "1/2-1/2"]
[WhiteElo "2105"]
[BlackElo "2360"]
[PlyCount "75"]
[EventDate "2024.04.14"]
[EventType "swiss"]
[EventRounds "9"]
[EventCountry "FRA"]
[SourceTitle "EXT 2025"]
[Source "ChessBase"]
[SourceDate "2024.10.14"]
[SourceVersion "1"]
[SourceVersionDate "2024.10.14"]
[SourceQuality "1"]

1. e4 c5 2. Nc3 Nc6 3. Nf3 e5 4. Nd5 Be7 5. Bc4 Nf6 6. Nxf6+ Bxf6 7. d3 d6 8. c3 a6 9. a4 0-0 10. Be3 Rb8 11. 0-0 b5 12. axb5 axb5 13. Bb3 g6 14. Nd2 b4 15. Qc2 Bd7 16. Ra2 Ra8 17. Rfa1 Rxa2 18. Rxa2 Bg5 19. Nc4 Bxe3 20. Nxe3 Kh8 21. Bd5 bxc3 22. bxc3 Qc7 23. Qb1 Rb8 24. Rb2 Rxb2 25. Qxb2 Kg7 26. Qa2 Nd8 27. Nc4 Bb5 28. Qb3 Bxc4 29. Qxc4 Qb6 30. g3 g5 31. h3 h5 32. Kg2 Qa7 33. Qb3 Qe7 34. Qd1 Kg6 35. Qf3 Qf6 36. Qe3 Ne6 37. Bxe6 Qxe6 38. c4 1/2-1/2

[Event "FRA-ch U18"]
[Site "Agen"]
[Date "2024.04.16"]
[Round "4"]
[White "Bat, Bilguun"]
[Black "Mendoza, Mael"]
[Result "0-1"]
[WhiteElo "2360"]
[BlackElo "2088"]
[PlyCount "54"]
[EventDate "2024.04.14"]
[EventType "swiss"]
[EventRounds "9"]
[EventCountry "FRA"]
[SourceTitle "EXT 2025"]
[Source "ChessBase"]
[SourceDate "2024.10.14"]
[SourceVersion "1"]
[SourceVersionDate "2024.10.14"]
[SourceQuality "1"]

1. d4 Nf6 2. Nc3 d5 3. Bf4 g6 4. e3 Bg7 5. h4 h5 6. Nf3 0-0 7. Ne5 c5 8. Qd2 cxd4 9. exd4 Bf5 10. f3 Nc6 11. Bb5 Qb6 12. 0-0-0 Nb4 13. Ba4 Rac8 14. Bb3 Bxc2 15. Bxc2 Rxc3 16. Qxc3 Nxa2+ 17. Kd2 Nxc3 18. bxc3 Rc8 19. Rb1 Qa5 20. Rb3 Ne8 21. g4 Nd6 22. Bd3 Bxe5 23. dxe5 Nc4+ 24. Kc1 Qa1+ 25. Bb1 Na5 26. Rb5 Qxc3+ 27. Kd1 Qxf3+ 0-1

[Event "FRA-ch U18"]
[Site "Agen"]
[Date "2024.04.15"]
[Round "2"]
[White "Bat, Bilguun"]
[Black "Lamothe, Hugo"]
[Result "1-0"]
[WhiteElo "2360"]
[BlackElo "1874"]
[PlyCount "61"]
[EventDate "2024.04.14"]
[EventType "swiss"]
[EventRounds "9"]
[EventCountry "FRA"]
[SourceTitle "EXT 2025"]
[Source "ChessBase"]
[SourceDate "2024.10.14"]
[SourceVersion "1"]
[SourceVersionDate "2024.10.14"]
[SourceQuality "1"]

1. d4 Nf6 2. Nf3 e6 3. e3 d5 4. Bd3 c5 5. c3 Bd6 6. Nbd2 Nbd7 7. 0-0 b6 8. e4 cxd4 9. cxd4 dxe4 10. Nxe4 Nxe4 11. Bxe4 Rb8 12. Bg5 Nf6 13. Qc2 Bd7 14. Bd3 Rc8 15. Qe2 h6 16. Bh4 g5 17. Bg3 Bc6 18. Ne5 Bd5 19. f4 g4 20. f5 h5 21. fxe6 Bxe6 22. d5 Bc5+ 23. Kh1 Qxd5 24. Rxf6 h4 25. Bf4 h3 26. Be4 hxg2+ 27. Bxg2 Qd8 28. Rxe6+ fxe6 29. Ng6 Kf7 30. Nxh8+ Qxh8 31. Rf1 1-0

[Event "FRA-ch U18"]
[Site "Agen"]
[Date "2024.04.14"]
[Round "1"]
[White "Constant, Theo"]
[Black "Bat, Bilguun"]
[Result "0-1"]
[WhiteElo "1759"]
[BlackElo "2360"]
[PlyCount "90"]
[EventDate "2024.04.14"]
[EventType "swiss"]
[EventRounds "9"]
[EventCountry "FRA"]
[SourceTitle "EXT 2025"]
[Source "ChessBase"]
[SourceDate "2024.10.14"]
[SourceVersion "1"]
[SourceVersionDate "2024.10.14"]
[SourceQuality "1"]

1. e4 c5 2. Nf3 d6 3. Bb5+ Bd7 4. Bxd7+ Nxd7 5. 0-0 Ngf6 6. d3 e6 7. Re1 Be7 8. c3 0-0 9. d4 cxd4 10. cxd4 Nb6 11. Nc3 d5 12. e5 Nfd7 13. Bf4 Rc8 14. Rc1 Nc4 15. b3 Na5 16. Qd3 Nc6 17. Re2 a6 18. Qe3 Qa5 19. Nb1 Nb4 20. a3 Nc6 21. b4 Qd8 22. Rec2 Nb6 23. Nbd2 Qd7 24. h4 a5 25. b5 Na7 26. Rxc8 Rxc8 27. Rxc8+ Qxc8 28. h5 Qc1+ 29. Kh2 Qxa3 30. Qe2 h6 31. g4 Qb2 32. Qd3 Qxb5 33. Qc2 Qc6 34. Qd3 Nc4 35. g5 Nxd2 36. Qxd2 Bb4 37. Qe3 Qc3 38. gxh6 Qxe3 39. Bxe3 gxh6 40. Bxh6 a4 41. Bc1 a3 42. h6 a2 43. Bb2 Bf8 44. Ne1 Bxh6 45. Nc2 Bd2 0-1

[Event "World ol U16"]
[Site "Eindhoven"]
[Date "2023.08.15"]
[Round "4.3"]
[White "Bat, Bilguun"]
[Black "Kilic, Eray"]
[Result "0-1"]
[WhiteElo "2299"]
[BlackElo "2433"]
[PlyCount "70"]
[EventDate "2023.08.13"]
[EventType "team-swiss"]
[EventRounds "9"]
[EventCountry "NED"]
[SourceTitle "CBM 215 Extra"]
[Source "ChessBase"]
[SourceDate "2023.09.30"]
[SourceVersion "1"]
[SourceVersionDate "2023.09.30"]
[SourceQuality "1"]
[WhiteTeam "France"]
[BlackTeam "Turkey"]
[WhiteTeamCountry "FRA"]
[BlackTeamCountry "TUR"]

1. d4 Nf6 2. Nf3 d5 3. e3 g6 4. c4 Bg7 5. cxd5 Nxd5 6. e4 Nb6 7. a4 a5 8. Bb5+ c6 9. Be2 0-0 10. 0-0 Bg4 11. Nbd2 Na6 12. h3 Bxf3 13. Nxf3 Qd6 14. Be3 Nb4 15. Qb3 e6 16. Bd2 h6 17. Bxb4 Qxb4 18. Qxb4 axb4 19. a5 Nd7 20. Rfc1 e5 21. d5 cxd5 22. Rc7 Rfd8 23. exd5 e4 24. Nd2 Bxb2 25. Rb1 Be5 26. Rxb7 Rxa5 27. d6 Ra2 28. Rd1 Bc3 29. Bg4 f5 30. Nxe4 fxg4 31. hxg4 Ra5 32. Rc7 Bg7 33. f3 b3 34. Rb1 b2 35. Nc3 Ra1 0-1

[Event "Avoine op 37th"]
[Site "Avoine"]
[Date "2023.07.25"]
[Round "4"]
[White "Bressac, Stephane"]
[Black "Bat, Bilguun"]
[Result "1-0"]
[WhiteElo "2389"]
[BlackElo "2232"]
[PlyCount "113"]
[EventDate "2023.07.22"]
[EventType "swiss"]
[EventRounds "9"]
[EventCountry "FRA"]
[SourceTitle "CBM 215 Extra"]
[Source "ChessBase"]
[SourceDate "2023.09.30"]
[SourceVersion "1"]
[SourceVersionDate "2023.09.30"]
[SourceQuality "1"]

1. e4 c5 2. Nf3 d6 3. d4 cxd4 4. Qxd4 a6 5. Bc4 Nc6 6. Qd3 Nf6 7. Nc3 Bg4 8. Bb3 g6 9. Nd4 Nxd4 10. Qxd4 Bg7 11. 0-0 0-0 12. Bg5 Bd7 13. Qd2 Bc6 14. Rfe1 b5 15. Nd5 Bxd5 16. exd5 a5 17. a4 b4 18. Re2 Qc7 19. Rae1 Rfe8 20. Qf4 Rac8 21. h3 Nh5 22. Qf3 Bf6 23. h4 h6 24. Bxf6 Nxf6 25. Rd1 Qd7 26. Rd4 h5 27. Rf4 Kg7 28. Qd3 Rc5 29. Qd4 Rec8 30. Rfe4 Kf8 31. R4e3 R8c7 32. Qd2 Qg4 33. Rf3 Qxh4 34. g3 Qh3 35. Rxf6 Kg7 36. Rf4 Kg8 37. Rfe4 Qd7 38. Qg5 Kf8 39. g4 hxg4 40. Rxg4 Qf5 41. Qxf5 gxf5 42. Rf4 f6 43. Rxf5 Kf7 44. Rf4 Rc8 45. Rfe4 R8c7 46. f3 Kf8 47. Rh2 Ke8 48. Rh8+ Kf7 49. Rh7+ Kf8 50. Kg2 Ra7 51. Kg3 Rb7 52. Reh4 Ke8 53. Kf4 Rcc7 54. Rh8+ Kd7 55. Kf5 Rc5 56. R4h7 Ra7 57. Rxe7+ 1-0

[Event "Angers op 16th"]
[Site "Angers"]
[Date "2023.05.21"]
[Round "5"]
[White "Jolly, Jean Francois"]
[Black "Bat, Bilguun"]
[Result "1/2-1/2"]
[WhiteElo "2402"]
[BlackElo "2254"]
[PlyCount "154"]
[EventDate "2023.05.19"]
[EventType "swiss"]
[EventRounds "6"]
[EventCountry "FRA"]
[SourceTitle "CBM 214 Extra"]
[Source "ChessBase"]
[SourceDate "2023.07.31"]
[SourceVersion "1"]
[SourceVersionDate "2023.07.31"]
[SourceQuality "1"]

1. Nf3 c5 2. c4 g6 3. d4 cxd4 4. Nxd4 Bg7 5. e4 Qb6 6. Nb3 d6 7. Be2 Nc6 8. 0-0 a5 9. Nc3 Bxc3 10. bxc3 a4 11. Be3 Qd8 12. Nd2 Nf6 13. Bh6 Be6 14. h3 Nd7 15. f4 f6 16. Qc2 Qc7 17. Rab1 Nc5 18. Rf2 Bd7 19. Bf3 Ra5 20. Nf1 Nd8 21. Ne3 Nf7 22. Nd5 Qd8 23. Bg7 Rg8 24. Bxf6 exf6 25. Bg4 Be6 26. Re1 h5 27. Bf3 Bxd5 28. cxd5 Kd7 29. h4 Kc7 30. c4 Ra6 31. Qc3 Qe7 32. Rb2 Re8 33. Reb1 b6 34. Qd4 Nd8 35. Re2 Ndb7 36. Qf2 Nd7 37. Qe3 Qf7 38. Rbe1 Raa8 39. Kh2 Re7 40. Qf2 Nbc5 41. Qd4 Qf8 42. g3 Ra5 43. Bg2 Qg7 44. Bh3 a3 45. Re3 Qf8 46. R1e2 Qe8 47. Bg2 Ra4 48. Qc3 Kb8 49. Qc1 Qc8 50. Re1 Qa6 51. Bf1 Qa5 52. R1e2 Qb4 53. Rc2 Rxe4 54. Bg2 Rxc4 55. Re8+ Kc7 56. Rxc4 Qxc4 57. Qe1 Nb7 58. Qe6 f5 59. Qg8 Nbc5 60. Rc8+ Kb7 61. Qd8 Ka6 62. Qc7 Kb5 63. Qxd6 Kb4 64. Qe7 Qc3 65. Kh3 Qd2 66. d6 Ra5 67. Bf1 Qd1 68. Bg2 Qd2 69. Bf1 Qf2 70. Bg2 Qxa2 71. Qe1+ Ka4 72. Bc6+ b5 73. Qd1+ Qb3 74. Qd4+ Qb4 75. Qd1+ Qb3 76. Qd4+ Qb4 77. Qd1+ Qb3 1/2-1/2

[Event "FRA-ch U18"]
[Site "Agen"]
[Date "2023.04.30"]
[Round "9"]
[White "Maret, Simon"]
[Black "Bat, Bilguun"]
[Result "0-1"]
[WhiteElo "2013"]
[BlackElo "2220"]
[PlyCount "156"]
[EventDate "2023.04.23"]
[EventType "swiss"]
[EventRounds "9"]
[EventCountry "FRA"]
[SourceTitle "CBM 214 Extra"]
[Source "ChessBase"]
[SourceDate "2023.07.31"]
[SourceVersion "1"]
[SourceVersionDate "2023.07.31"]
[SourceQuality "1"]

1. d4 Nf6 2. c4 e6 3. Nc3 Bb4 4. Bd2 b6 5. f3 c5 6. d5 0-0 7. e4 d6 8. Nge2 a6 9. Ng3 b5 10. Be2 Nbd7 11. b3 h5 12. 0-0 h4 13. Nh1 bxc4 14. bxc4 e5 15. g3 Re8 16. a3 Ba5 17. Rb1 Nf8 18. Nf2 Ng6 19. g4 Bd7 20. h3 Qc7 21. Nd3 Rab8 22. Qc2 Nh7 23. Rxb8 Rxb8 24. Rb1 Rb7 25. Bd1 Bc8 26. Rxb7 Qxb7 27. Qb3 Qa7 28. Qa4 Bxc3 29. Bxc3 Bd7 30. Qb3 Qc7 31. Bd2 f6 32. a4 Ne7 33. Be1 Kf7 34. a5 Ke8 35. Qc3 Ng6 36. Bd2 Nhf8 37. Qa3 Kd8 38. Qb3 Kc8 39. Be1 Be8 40. Qc3 Qd8 41. Qa3 Bd7 42. Bd2 Ne7 43. Be1 Nfg6 44. Qb3 Qc7 45. Qa3 Be8 46. Qb3 Qa7 47. Qa3 Qc7 48. Qb3 Ng8 49. Qa3 Nh6 50. Ba4 Bxa4 51. Qxa4 Kd8 52. Qb3 Nf7 53. Qa3 Qb7 54. Qa2 Ke7 55. Bd2 Kd8 56. Qb2 Qc7 57. Be1 Kc8 58. Qb3 Nd8 59. Qb2 Nf7 60. Qb3 Nh6 61. Qa4 Kd8 62. Qb3 Ng8 63. Qb2 N8e7 64. Qb3 Nc8 65. Qb2 Qd7 66. Qb3 Kc7 67. Bf2 Kd8 68. Be1 Qc7 69. Qb2 Nce7 70. Qb3 Nf8 71. Bxh4 Qxa5 72. Be1 Qa1 73. Qb6+ Ke8 74. Qxd6 Qb1 75. Qxa6 Qxd3 76. d6 Neg6 77. Qc8+ Kf7 78. Qxc5 Nf4 0-1

[Event "Vaujany op 13th"]
[Site "Vaujany"]
[Date "2022.07.14"]
[Round "1"]
[White "Bat, Bilguun"]
[Black "Bauer, Christian"]
[Result "0-1"]
[WhiteElo "2162"]
[BlackElo "2609"]
[PlyCount "30"]
[EventDate "2022.07.14"]
[EventType "swiss"]
[EventRounds "9"]
[EventCountry "FRA"]
[SourceTitle "EXT 2023"]
[Source "ChessBase"]
[SourceDate "2022.10.05"]
[SourceVersion "1"]
[SourceVersionDate "2022.10.05"]
[SourceQuality "1"]

1. d4 Nf6 2. Nf3 d6 3. c4 g6 4. e3 Bg7 5. Be2 0-0 6. Nc3 Nc6 7. d5 Nb4 8. a3 Na6 9. Nd4 e5 10. dxe6 fxe6 11. 0-0 e5 12. Ndb5 Nc5 13. b4 Ne6 14. Nd5 Ne8 15. Nbc3 c6 0-1

[Event "FRA-ch U16"]
[Site "Agen"]
[Date "2022.04.24"]
[Round "9"]
[White "Razafindratsima, Timothe"]
[Black "Bat, Bilguun"]
[Result "1/2-1/2"]
[WhiteElo "2412"]
[BlackElo "2169"]
[PlyCount "127"]
[EventDate "2022.04.16"]
[EventType "swiss"]
[EventRounds "9"]
[EventCountry "FRA"]
[SourceTitle "EXT 2023"]
[Source "ChessBase"]
[SourceDate "2022.10.05"]
[SourceVersion "1"]
[SourceVersionDate "2022.10.05"]
[SourceQuality "1"]

1. e4 d6 2. d4 Nf6 3. Nc3 g6 4. Bg5 h6 5. Be3 c6 6. h3 Nbd7 7. f4 b5 8. a3 Nb6 9. Qf3 Rb8 10. Bd3 Bd7 11. Nge2 Nc4 12. Bc1 Bg7 13. b3 Nb6 14. g4 e5 15. dxe5 dxe5 16. f5 g5 17. Qg3 Nh7 18. Be3 Bf6 19. Bc5 Qc7 20. a4 a6 21. axb5 axb5 22. 0-0 Be7 23. Bd4 Bd6 24. Be3 f6 25. Qf2 Kf7 26. Ra6 Nc8 27. Rfa1 Nf8 28. Kg2 Be8 29. h4 Kg8 30. Ra8 Rxa8 31. Rxa8 Qb7 32. Ra1 Bf7 33. Ng1 Be7 34. Nf3 Nd7 35. Qd2 Rh7 36. Rh1 Qc7 37. Kg3 Nd6 38. Qh2 Nf8 39. Ra1 Nc8 40. Qf2 Nd7 41. Kg2 Rg7 42. Rh1 Rh7 43. Ne2 Nd6 44. Ra1 Nc8 45. Ng3 Qb7 46. c4 bxc4 47. Bxc4 Bxc4 48. bxc4 c5 49. Qc2 Rg7 50. Nh5 Rf7 51. Rb1 Qa8 52. Rb2 Rf8 53. Ra2 Qb7 54. Rb2 Qc6 55. Rb1 Nd6 56. Ng3 Ra8 57. hxg5 hxg5 58. Nd2 Qa4 59. Qd3 Qc6 60. Kf3 Ra4 61. Rh1 Nf7 62. Rb1 Nd6 63. Rh1 Nf7 64. Rb1 1/2-1/2

[Event "Europe Echecs online op April"]
[Site "Europe Echecs INT"]
[Date "2020.04.11"]
[Round "3"]
[White "Bat, Bilguun"]
[Black "Verat Fayolle, Celian"]
[Result "1/2-1/2"]
[WhiteElo "2173"]
[BlackElo "1873"]
[PlyCount "126"]
[EventDate "2020.04.11"]
[EventType "swiss (blitz)"]
[EventRounds "11"]
[EventCountry "FRA"]
[SourceTitle "EXT 2021"]
[Source "ChessBase"]
[SourceDate "2020.10.23"]
[SourceVersion "1"]
[SourceVersionDate "2020.10.23"]
[SourceQuality "1"]

1. Nf3 f5 2. d4 Nf6 3. c4 e6 4. g3 Be7 5. Bg2 0-0 6. 0-0 d6 7. b3 Qe8 8. Bb2 Nbd7 9. Nbd2 Qh5 10. Qc2 b6 11. Ng5 Ng4 12. h3 Ndf6 13. Bxa8 Qxg5 14. hxg4 Nxg4 15. Bg2 Qh5 16. Nf3 Bb7 17. Rfd1 e5 18. dxe5 dxe5 19. Rd7 Bc5 20. e3 Bxf3 21. Bxf3 Qh2+ 22. Kf1 Nxe3+ 23. fxe3 Qxc2 24. Bxe5 Re8 25. Bd5+ Re6 26. Bxe6+ Kf8 27. Bd4 Bxd4 28. exd4 Qh2 29. Re1 Qxg3 30. Rf7+ Ke8 31. Bd5+ Kd8 32. Ree7 Qd3+ 33. Kf2 Qd2+ 34. Kg1 Qxd4+ 35. Kh2 Qh4+ 36. Kg2 Qg4+ 37. Kf2 Qd4+ 38. Kf3 Qg4+ 39. Ke3 Qg1+ 40. Kf4 Qg4+ 41. Ke5 Qe2+ 42. Kxf5 g6+ 43. Kf6 Qf2+ 44. Kg7 Qd4+ 45. Kxh7 Qh4+ 46. Kg8 Qxe7 47. Rxe7 Kxe7 48. Kg7 Kd6 49. Kxg6 c6 50. Bf3 b5 51. cxb5 cxb5 52. Kf5 Kc5 53. a4 Kb4 54. axb5 Kxb5 55. Bd5 a5 56. Ke4 a4 57. Bc6+ Kxc6 58. bxa4 Kc5 59. Kd3 Kb4 60. a5 Kb5 61. a6 Kb6 62. a7 Kb7 63. a8Q+ Kxa8 1/2-1/2

[Event "Europe Echecs online op April"]
[Site "Europe Echecs INT"]
[Date "2020.04.11"]
[Round "9"]
[White "Kaouakib, Sana"]
[Black "Bat, Bilguun"]
[Result "1/2-1/2"]
[WhiteElo "1856"]
[BlackElo "2173"]
[PlyCount "149"]
[EventDate "2020.04.11"]
[EventType "swiss (blitz)"]
[EventRounds "11"]
[EventCountry "FRA"]
[SourceTitle "EXT 2021"]
[Source "ChessBase"]
[SourceDate "2020.10.23"]
[SourceVersion "1"]
[SourceVersionDate "2020.10.23"]
[SourceQuality "1"]

1. d4 Nf6 2. c4 e6 3. Nc3 Bb4 4. Bf4 0-0 5. e3 d5 6. Nf3 b6 7. Qb3 Bxc3+ 8. bxc3 Bb7 9. c5 Nc6 10. Rb1 Nh5 11. Bg3 Nxg3 12. hxg3 h6 13. Be2 f5 14. Bb5 Na5 15. Qc2 a6 16. Bd3 b5 17. Ne5 Nc6 18. Ng6 Rf6 19. Nf4 Bc8 20. Qb3 Na5 21. Qc2 Nc6 22. 0-0 e5 23. dxe5 Nxe5 24. Qb3 c6 25. Be2 Qe7 26. Nxd5 Qf7 27. Nxf6+ gxf6 28. Rfd1 Be6 29. Qc2 Kg7 30. Rd6 h5 31. Rbd1 Rh8 32. a4 h4 33. gxh4 Rxh4 34. g3 Rh6 35. axb5 axb5 36. f4 Ng4 37. Bxg4 fxg4 38. e4 Qh5 39. Qg2 Qf7 40. Rxc6 Bc4 41. Rcd6 Qf8 42. Rd7+ Kg8 43. Rd8 Rh5 44. Rxf8+ Kxf8 45. Rd8+ Ke7 46. Rd6 Rxc5 47. e5 fxe5 48. fxe5 Rxe5 49. Qc6 Re1+ 50. Kf2 Re2+ 51. Kg1 Re1+ 52. Kf2 Re2+ 53. Kf1 Re6+ 54. Qxc4 bxc4 55. Rxe6+ Kxe6 56. Ke2 Ke5 57. Ke3 Kd5 58. Kf4 Kc5 59. Kxg4 Kb5 60. Kf5 Ka4 61. g4 Kb3 62. g5 Kxc3 63. g6 Kb2 64. g7 c3 65. g8Q c2 66. Qb8+ Ka1 67. Qa7+ Kb1 68. Qb6+ Ka1 69. Qa5+ Kb2 70. Qb4+ Ka1 71. Qc3+ Kb1 72. Qb3+ Ka1 73. Qc3+ Kb1 74. Qd3 Ka1 75. Qxc2 1/2-1/2

[Event "Budapest FS10 IM"]
[Site "Budapest"]
[Date "2019.10.15"]
[Round "9"]
[White "Bat, Bilguun"]
[Black "To, Nhat Minh"]
[Result "1-0"]
[WhiteElo "2110"]
[BlackElo "2363"]
[PlyCount "23"]
[EventDate "2019.10.05"]
[EventType "tourn"]
[EventRounds "9"]
[EventCountry "HUN"]
[SourceTitle "CBM 192 Extra"]
[Source "Chessbase"]
[SourceDate "2019.11.06"]
[SourceVersion "1"]
[SourceVersionDate "2019.11.06"]
[SourceQuality "1"]

1. d4 g6 2. Nf3 Bg7 3. c4 d6 4. Nc3 e5 5. dxe5 dxe5 6. Qxd8+ Kxd8 7. Bg5+ f6 8. 0-0-0+ Ke8 9. Bd2 Nh6 10. Nd5 Na6 11. Nxf6+ Bxf6 12. Bxh6 1-0

[Event "Budapest FS10 IM"]
[Site "Budapest"]
[Date "2019.10.09"]
[Round "5"]
[White "Bat, Bilguun"]
[Black "Kvaloy, Aksel Bu"]
[Result "1/2-1/2"]
[WhiteElo "2110"]
[BlackElo "2125"]
[PlyCount "98"]
[EventDate "2019.10.05"]
[EventType "tourn"]
[EventRounds "9"]
[EventCountry "HUN"]
[SourceTitle "CBM 192 Extra"]
[Source "Chessbase"]
[SourceDate "2019.11.06"]
[SourceVersion "1"]
[SourceVersionDate "2019.11.06"]
[SourceQuality "1"]

1. Nf3 d5 2. e3 Nf6 3. c4 e6 4. b3 b6 5. Bb2 Bb7 6. Nc3 Nbd7 7. cxd5 exd5 8. d4 Bd6 9. Be2 0-0 10. 0-0 Re8 11. Qc2 c5 12. Rfd1 Bf8 13. h3 Rc8 14. dxc5 bxc5 15. Rac1 Qc7 16. Qb1 Qb8 17. Rd2 Qa8 18. Rcd1 d4 19. exd4 cxd4 20. Nb5 Bb4 21. Rc2 Be4 22. Rxc8 Qxc8 23. Qc1 Bc2 24. Rf1 d3 25. Bd1 Qb7 26. Nbd4 Bxd1 27. Rxd1 Qa6 28. a3 Rc8 29. Qb1 Bc3 30. Bxc3 Rxc3 31. Qb2 Qc8 32. Nb5 Rc5 33. Nd6 Qc7 34. Nc4 Nb6 35. Nfe5 Ne4 36. Nxd3 Nxc4 37. Qd4 Rc6 38. Qxe4 Nd6 39. Qd4 h6 40. Ne5 Rc1 41. Rxc1 Qxc1+ 42. Kh2 Qxa3 43. Nc4 Nxc4 44. bxc4 Qe7 45. c5 Qc7+ 46. g3 Kf8 47. Qb4 Ke8 48. Qb5+ Ke7 49. c6 g6 1/2-1/2

[Event "Budapest FS10 IM"]
[Site "Budapest"]
[Date "2019.10.05"]
[Round "1"]
[White "Farkas, Tibor"]
[Black "Bat, Bilguun"]
[Result "1-0"]
[WhiteElo "2297"]
[BlackElo "2110"]
[PlyCount "69"]
[EventDate "2019.10.05"]
[EventType "tourn"]
[EventRounds "9"]
[EventCountry "HUN"]
[SourceTitle "CBM 192 Extra"]
[Source "Chessbase"]
[SourceDate "2019.11.06"]
[SourceVersion "1"]
[SourceVersionDate "2019.11.06"]
[SourceQuality "1"]

1. e4 c5 2. Nf3 d6 3. c3 Nf6 4. h3 Bd7 5. Bd3 e6 6. 0-0 Be7 7. Bc2 Bc6 8. Re1 0-0 9. d4 d5 10. e5 Ne4 11. Nbd2 Nxd2 12. Qxd2 Nd7 13. Qd3 g6 14. Bh6 Re8 15. Qe3 c4 16. h4 Bf8 17. Bxf8 Nxf8 18. Qh6 Qe7 19. Re3 Qd7 20. Rae1 Qe7 21. h5 Red8 22. Ng5 Be8 23. Rf3 Rd7 24. Rf6 b5 25. Re3 Rb7 26. Ref3 Bc6 27. Nxf7 Qxf7 28. Rxf7 Rxf7 29. Rxf7 Kxf7 30. hxg6+ hxg6 31. Bxg6+ Nxg6 32. Qh7+ Kf8 33. Qxg6 Re8 34. f4 Bd7 35. Qh7 1-0